LIBRARY & INFORMATION CENTRE, KCAET, TAVANUR

ONLINE PUBLIC ACCESS CATALOGUE (OPAC)

Sakhavu E.M.S / (Record no. 6522)

MARC details
000 -LEADER
fixed length control field 00389cam a2200169ua 4500
041 ## - LANGUAGE CODE
Language code of text/sound track or separate title mal
082 ## - DEWEY DECIMAL CLASSIFICATION NUMBER
Classification number 923.2
Item number GEO/SA
100 ## - MAIN ENTRY--AUTHOR NAME
Personal name George, M.A .
245 ## - TITLE STATEMENT
Title Sakhavu E.M.S /
260 ## - PUBLICATION, DISTRIBUTION, ETC. (IMPRINT)
Place of publication Thrissur :
Name of publisher Current Books ,
Year of publication 1960.
300 ## - PHYSICAL DESCRIPTION
Number of Pages 268 ; .
942 ## - ADDED ENTRY ELEMENTS (KOHA)
Koha item type Books
Holdings
Withdrawn status Lost status Damaged status Home library Current library Date acquired Full call number Accession Number Koha item type
Withdrawn     KAUAET KAUAET 07/04/2012 923.2 8464 Books
free website counter